Candidatos a governador de MG com mais votos - Statistics

Estatísticas Gerais
  • Esse quiz foi jogado 76 vezes
    61 desde o último reset
  • A pontuação média é 17 de 30
Estatísticas das Respostas
Resposta % Correto
Romeu Zema
100%
Aécio Neves
98%
Antonio Anastasia
93%
Fernando Pimentel
87%
Alexandre Kalil
80%
PT
76%
NOVO
74%
PSD
74%
PSDB
72%
Itamar Franco
70%
Pimenta da Veiga
70%
PL
67%
PMDB
63%
Hélio Costa
59%
Eduardo Azeredo
57%
Carlos Viana
54%
Hélio Garcia
52%
PSB
50%
PP
46%
Newton Cardoso
43%
Nilmário Miranda
39%
PRN
37%
Patrus Ananias
35%
José Fernando
33%
PSTU
33%
Vanessa Portugal
33%
PRS
30%
PV
26%
Tarcísio Delgado
24%
José Alencar
22%
Nenhum quiz correspondente encontrado
Distribuição das Pontuações
Porcentagem de Pessoas com Cada Pontuação
Percentil de Números Respondidos
Sua Pontuação Histórica
Você não jogou esse quiz desde o último reset